El socialismo en la sociedad opulenta / (Record no. 50285)

MARC details
000 -LEADER
campo de control de longitud fija 00615nam a2200205 i 4500
001 - NÚMERO DE CONTROL
campo de control 50285
003 - IDENTIFICADOR DE NÚMERO DE CONTROL
campo de control ES-MaACL
005 - FECHA Y HORA DE LA ÚLTIMA TRANSACCIÓN
campo de control 20231218172849.0
007 - CAMPO FIJO DE DESCRIPCIÓN FÍSICA--INFORMACIÓN GENERAL
campo de control de longitud fija t|
008 - DATOS DE LONGITUD FIJA--INFORMACIÓN GENERAL
campo de control de longitud fija 030801s1968 sp ||||1| spa d
100 1# - ENTRADA PRINCIPAL--NOMBRE DE PERSONA
Nombre de persona Crossman, R.H.S.
9 (RLIN) 41727
Término indicativo de función/relación Autor
245 13 - MENCIÓN DEL TÍTULO
Título El socialismo en la sociedad opulenta /
Mención de responsabilidad, etc. R. H. S. Crossman ; [traducción de Enrique Barón].
250 ## - MENCION DE EDICION
Mención de edición 2ª ed.
260 ## - PUBLICACIÓN, DISTRIBUCIÓN, ETC.
Lugar de publicación, distribución, etc. Madrid :
Nombre del editor, distribuidor, etc. ZYX,
Fecha de publicación, distribución, etc. 1968
300 ## - DESCRIPCIÓN FÍSICA
Extensión 55 p. ;
Dimensiones 17 cm.
700 1# - ENTRADA AGREGADA--NOMBRE PERSONAL
Nombre de persona Barón, Enrique,
Fechas asociadas al nombre 1944-
Término indicativo de función/relación Traductor
9 (RLIN) 25767
852 ## - LOCALIZACIÓN
Ubicación ES-MaACL
Número de control de estantería C-36881
Sublocalización o colección R.67552
942 ## - ELEMENTOS DE ENTRADA SECUNDARIOS (KOHA)
Fuente del sistema de clasificación o colocación Clasificación decimal universal
Tipo de ítem Koha Libro impreso
Suprimir en OPAC No
Holdings
Estatus retirado Estado de pérdida Fuente del sistema de clasificación o colocación Estado de daño No para préstamo Biblioteca de origen Biblioteca actual Ubicación en estantería Fecha de adquisición Total de préstamos Signatura topográfica completa Código de barras Visto por última vez Tipo de ítem Koha
    Clasificación decimal universal     Biblioteca del Ateneo de Madrid Biblioteca del Ateneo de Madrid Depósito 2 17/01/2008   C-36881 1052894 23/02/2023 Libro impreso